| 000 | 01194nam a2200217 i 4500 | ||
|---|---|---|---|
| 001 | 153178 | ||
| 003 | ES-MaACL | ||
| 005 | 20250819035419.0 | ||
| 008 | 931025s18261832sp a |||| | spa d | ||
| 080 | _a76.035(460) | ||
| 245 | 0 | 0 |
_aColección lithográphica de cuadros del Rey de España el Señor Don Fernando VII _b: obra dedicada a S. M. lithographiada por hábiles artistas / _cbajo la dirección de D. José de Madrazo. |
| 260 |
_aMadrid : _bReal Establecimiento Lithográfico, _c1826-1832. |
||
| 300 |
_a3 v. : _bgrab. ; _c62 cm. |
||
| 500 | _aEn v. 1 dedicatorias y retrato del rey Fernando VII, prólogo, descripción y vista del Museo del Prado; en v. 2 dedicatoria y retrato de la reina María Cristina y vista del Museo del Prado; en v. 3 retrato de la reina Isabel II. | ||
| 600 | 0 | 7 |
_aFernando _bVII, _cRey de España- _xColecciones de arte _2 _9155571 |
| 650 | 4 |
_aLitografías- _yS.XIX. _9136440 |
|
| 650 | 4 |
_aGrabado español- _yS.XIX. _9155570 |
|
| 700 | 1 |
_aMadrazo, José de. _975339 |
|
| 852 | 4 |
_aES-MaACL _jB-6994-96 _z-- Enc. tela conservando la cub. original _z-- Sello de la Real Biblioteca, Cambio-Duplicado _q-- El t.III falto de la port. |
|
| 999 |
_c153178 _d153178 |
||